My life in full: (Record no. 199204)

MARC details
000 -LEADER
fixed length control field 00654nam a22002057a 4500
005 - DATE AND TIME OF LATEST TRANSACTION
control field 20231123130207.0
010 ## - LCCN (DPL NO)
LC control number ENG-138441
020 ## - INTERNATIONAL STANDARD BOOK NUMBER
Terms of availability 499.00
International Standard Book Number 9789389253832
035 ## - SYSTEM CONTROL NUMBER
System control number EN-121973
037 ## - SOURCE OF ACQUISITION
Source of stock number/acquisition DBAD/PUB
082 ## - DEWEY DECIMAL CLASSIFICATION NUMBER
Classification number 921
100 ## - MAIN ENTRY--PERSONAL NAME
Personal name Nooyi, K. Indra
245 ## - TITLE STATEMENT
Title My life in full:
Remainder of title Work, family, and our futrure/
Statement of responsibility, etc by Indra K. Nooyi
260 ## - PUBLICATION, DISTRIBUTION, ETC. (IMPRINT)
Place of publication, distribution, etc Gurugram
Name of publisher, distributor, etc Hachette Book Publishing India Pvt.Ltd
Date of publication, distribution, etc 2021
270 ## - ADDRESS
City Gurugram
Address 4th/5th Floor, Corporate Centre, Plot No.94, Sector 44
Postal code 122003
300 ## - PHYSICAL DESCRIPTION
Extent 325p.
Dimensions 20cm (pbk)
700 ## - ADDED ENTRY--PERSONAL NAME
9 (RLIN) 59023
Relator term edited
700 ## - ADDED ENTRY--PERSONAL NAME
9 (RLIN) 59024
Relator term edited
942 ## - ADDED ENTRY ELEMENTS (KOHA)
Source of classification or shelving scheme Dewey Decimal Classification
Item type English Books
Classification part 921
Call number suffix NOO
Holdings
Withdrawn status Lost status Not for loan Collection code Home library Current library Date acquired Source of acquisition Cost, normal purchase price Full call number Barcode Copy number Cost, replacement price Koha item type
      Non-fiction Vinoba Puri Vinoba Puri 23/11/2023 DBAD/PUB 499.00 921 NOO EN-121973 1 499.00 English Books

© Delhi Public Library
Hit Counter
free hit counter